00858cam a2200241 45000010005000000030008000050050017000130080039000300350018000690400031000870410008001180820023001261000023001492450081001722500012002532600067002653000025003324900048003575050102004056500013005077000048005208300048005688203BD-RUCL20211208234536.0140118m19651964enkab 000 0 eng a(BD-RUCL)8248 aDLCcBD-RUCLdBD-RUCLbeng aeng0 a530bKEP 1964-19651 aKeighley, H. J. P.14aThe physical world :ban O level course /cH. J. P Keighley and F. R. McKim. a1st ed. aOxford :bPergamon Press ;aNew York :bMacmillan,cc1964-1965 a3 v.bill. ;c26 cm.1 aThe Commonwealth and international library 0 av. 1. Mechanics.--v. 2. Heat energy & waves.--v. 3. Electricity, magnetism, and atomic structure. 0aPhysics.1 aMcKim, F. R. , Jt. auth.q(Frank Robertson) 0aThe Commonwealth and international library